[Event "La Paz Casa Argentina op"]
[Site "La Paz"]
[Date "2022.06.17"]
[Round "3"]
[White "Coronel, Carlos"]
[Black "Cueto Chajtur, Johny"]
[Result "0-1"]
[WhiteElo "1640"]
[BlackElo "2190"]
[PlyCount "96"]
[EventDate "2022.06.16"]
[EventType "swiss"]
[EventRounds "7"]
[EventCountry "BOL"]
[SourceTitle "EXT 2023"]
[Source "ChessBase"]
[SourceDate "2022.10.05"]
[SourceVersion "1"]
[SourceVersionDate "2022.10.05"]
[SourceQuality "1"]

1. d4 g6 2. g3 Bg7 3. Bg2 c5 4. e3 Nf6 5. c3 Na6 6. Nd2 0-0 7. Ngf3 Rb8 8. 0-0 b5 9. a3 Bb7 10. Qc2 Qb6 11. Re1 Rfc8 12. Qd3 d5 13. Ne5 e6 14. h4 Rd8 15. b4 c4 16. Qc2 Nc7 17. Bb2 a5 18. Kh2 Ra8 19. f4 axb4 20. axb4 Rxa1 21. Rxa1 Ra8 22. Qb1 Ra4 23. g4 Qd6 24. Rxa4 bxa4 25. Ndxc4 dxc4 26. Bxb7 Ncd5 27. g5 Nd7 28. Bxd5 exd5 29. Bc1 Nb6 30. Kg3 f6 31. Nf3 Qe6 32. Qc2 Kf8 33. h5 Kf7 34. hxg6+ hxg6 35. Nh4 fxg5 36. fxg5 Bf8 37. Qf2+ Kg7 38. Qf3 Nc8 39. Ng2 Nd6 40. Bb2 Ne4+ 41. Kh2 Nxg5 42. Qd1 Bd6+ 43. Kg1 Nh3+ 44. Kf1 Qf5+ 45. Nf4 g5 46. Qh5 Bxf4 47. exf4 Qb1+ 48. Ke2 Nxf4+ 0-1

[Event "La Paz Primera Categoria Adalp"]
[Site "La Paz"]
[Date "2017.01.27"]
[Round "2.1"]
[White "Coronel, Carlos"]
[Black "Vila Castro, Carlos Johnny"]
[Result "1-0"]
[WhiteElo "1646"]
[BlackElo "2103"]
[PlyCount "81"]
[EventDate "2017.01.26"]
[EventType "swiss"]
[EventRounds "7"]
[EventCountry "BOL"]
[SourceTitle "EXT 2024"]
[Source "ChessBase"]
[SourceDate "2023.10.10"]
[SourceVersion "1"]
[SourceVersionDate "2023.10.10"]
[SourceQuality "1"]

1. d4 f5 2. c4 Nf6 3. Nc3 e6 4. g3 d5 5. cxd5 exd5 6. Bg2 c6 7. Nf3 Bd6 8. 0-0 0-0 9. e3 Nbd7 10. a3 Ne4 11. Qc2 Qe7 12. b4 a6 13. Nd1 g5 14. Nb2 Nb6 15. Nd3 Nc4 16. Bb2 b5 17. Rfe1 Bd7 18. Nc5 Be8 19. Nd3 Bg6 20. Nfe5 Rac8 21. Rad1 Bh5 22. f3 Nf6 23. Rb1 Bg6 24. f4 Ne4 25. Bc1 Kg7 26. Nxc4 bxc4 27. Ne5 gxf4 28. exf4 Qb7 29. Bd2 Bh5 30. Re3 Rg8 31. Rbe1 Qb6 32. Bxe4 fxe4 33. Nxc4 dxc4 34. Qxe4 Bf7 35. Qf5 Qd8 36. d5 Rf8 37. Bc3+ Kg8 38. Qg4+ Bg6 39. f5 Rxf5 40. Qd4 Bf8 41. Re7 1-0